000
00283nam a2200121Ia 4500
008
190216s9999||||xx |||||||||||||| ||und||
100
_a
Roy R R &nigam V P
245
0
_a
Nuclear Physics
260
_b
Wiley Eastern Ltd
_c
1986
300
_a
616p
650
_a
Physics
942
_c
BK
999
_c
33510
_d
33510